000 00493nam a22001937a 4500
003 MPLRDC
005 20220104193705.0
008 210129b ||||| |||| 00| 0 eng d
020 _a978-962-07-4487-7
082 _a857.75 YZT-7 v.4
100 _a易中天
245 _a青春志
_c
250 _a一版一刷
260 _a香港
_b商务印书馆(香港)有限公司
_c2013
300 _b
490 _a易中天中华史
650 _a中国通史
942 _cBK
_o857.75 YZT-7 v.4
999 _c65318
_d65308